| 000 | 00664nam a22002057a 4500 | ||
|---|---|---|---|
| 999 |
_c326 _d326 |
||
| 003 | AR-CdUCM | ||
| 008 | 190223b ||||| |||| 00| 0 spa d | ||
| 040 |
_aMUNICIPALIDAD PROVINCIAL DEL CUSCO _cBIBLIOTECA MUNICIPAL DEL CUSCO |
||
| 082 |
_a830.8 / _bG79 |
||
| 100 |
_aGregor-Dellin, Martin _91325 |
||
| 245 |
_aNueva literatura alemana : _bNarrativa y ensayo / |
||
| 260 |
_aBuenos Aires : _bSudamericana, _c1975. |
||
| 300 |
_a263 páginas ; _c19.7 cm. |
||
| 650 |
_aAntologías _91326 |
||
| 650 |
_aLiteratura _983 |
||
| 650 |
_aAlemania _91327 |
||
| 700 |
_aMendilaharzu de Machain, Nélida (traductor) _91328 |
||
| 942 |
_2ddc _cLIBROS |
||
| 945 |
_aafb _d2019-02-23 |
||